| 000 | 00333cam a22001097a 4500 | ||
|---|---|---|---|
| 008 | 180718b1955 xxu||||| |||| 00| 0 eng d | ||
| 082 | _aO03x54 In2 | ||
| 245 | _aReport of the committee constituted for the drafting of a comprehensive : model public health | ||
| 260 |
_aDelhi _b _c1955 |
||
| 300 | _a29p | ||
| 650 | _aWater supply - India | ||
| 999 |
_c493862 _d493862 |
||